1992/93 Premier League Table - Statistics

General Stats
  • This quiz has been taken 17 times
  • The average score is 10 of 22
Answer Stats
PTS W D L Club % Correct
84 24 12 6 Manchester United
100%
74 21 11 10 Aston Villa
65%
59 16 11 15 Liverpool
59%
56 15 11 16 Arsenal
53%
72 21 9 12 Norwich City
53%
59 16 11 15 Tottenham Hotspur
53%
56 14 14 14 Chelsea
47%
53 15 8 19 Everton
47%
51 12 15 15 Leeds United
47%
50 13 11 18 Southampton
47%
71 20 11 11 Blackburn Rovers
41%
49 11 16 15 Crystal Palace
41%
52 12 16 14 Ipswich Town
41%
57 15 12 15 Manchester City
41%
40 10 10 22 Nottingham Forest
41%
49 13 10 19 Oldham Athletic
41%
63 17 12 13 Queens Park Rangers
41%
52 14 10 18 Sheffield United
41%
59 15 14 13 Sheffield Wednesday
41%
52 13 13 16 Coventry City
35%
44 11 11 20 Middlesbrough
35%
54 14 12 16 Wimbledon
35%
No matching quizzes found
Score Distribution
Percent of People with Each Score
Percentile by Number Answered
Your Score History
You have not taken this quiz